Catálogo

LAS RELIGIONES (Registro nro. 34538)

Detalles MARC
000 -LEADER
fixed length control field 00394nam a2200169 a 4500
001 - CONTROL NUMBER
control field 34538
005 - DATE AND TIME OF LATEST TRANSACTION
control field 20180714002700.0
008 - FIXED-LENGTH DATA ELEMENTS--GENERAL INFORMATION
fixed length control field 140415s1972 sp 000 0 spa d
041 ## - LANGUAGE CODE
Language code of text/sound track or separate title spa
082 ## - DEWEY DECIMAL CLASSIFICATION NUMBER
Classification number 200
Item number BER
100 1# - MAIN ENTRY--PERSONAL NAME
Personal name BERNARD, R. G.
245 14 - TITLE STATEMENT
Title LAS RELIGIONES
250 ## - EDITION STATEMENT
Edition statement 1a ed.
260 ## - PUBLICATION, DISTRIBUTION, ETC.
Place of publication, distribution, etc. ESPAÑA :
Name of publisher, distributor, etc. BRUGUERA,
Date of publication, distribution, etc. 1972
300 ## - PHYSICAL DESCRIPTION
Extent 219
650 14 - SUBJECT ADDED ENTRY--TOPICAL TERM
Topical term or geographic name entry element RELIGION
Existencias
Withdrawn status Lost status Source of classification or shelving scheme Damaged status Not for loan Collection code Home library Current library Shelving location Date acquired Source of acquisition Inventory number Total Checkouts Full call number Barcode Date last seen Price effective from Koha item type
    Dewey Decimal Classification     General Biblioteca Karol Wojtyla Biblioteca Karol Wojtyla Área de silencio 03/12/2013 Compra 151000000000000000031453   800 EDI 89634 05/01/2026 03/12/2013 Libro
    Dewey Decimal Classification     General Biblioteca Karol Wojtyla Biblioteca Karol Wojtyla Sala general 03/12/2013 Compra 151000000000000000057144   200 BER 52295 11/02/2026 03/12/2013 Libro